| 000 | 01909cam a22003494a 4500 | ||
|---|---|---|---|
| 001 | 16346371 | ||
| 003 | OSt | ||
| 005 | 20211015142449.0 | ||
| 008 | 100723s2011 enka b 001 0 eng | ||
| 010 | _a 2010031106 | ||
| 020 | _a9780470057513 (hardback) | ||
| 038 | _aKhadija | ||
| 040 |
_aDLC _cDLC _dDLC |
||
| 042 | _apcc | ||
| 050 | 0 | 0 |
_aTK7872.C8 _bT46 2011 |
| 082 | 0 | 0 |
_a621.3124 _222 _bTEO |
| 100 | 1 |
_aTeodorescu, Remus. _983235 |
|
| 245 | 1 | 0 |
_aGrid converters for photovoltaic and wind power systems / _cRemus Teodorescu, Marco Liserre, Pedro Rodriguez. |
| 260 |
_a[Piscataway, N.J.] : _bIEEE ; _aChichester, West Sussex ; _aHoboken, N.J. : _bWiley, _c2011. |
||
| 300 |
_axvii, 398 p. : _bill. ; _c25 cm. |
||
| 504 | _aIncludes bibliographical references and index. | ||
| 520 | _a"Grid Converters for Photovoltaic and Wind Power Systems provides a comprehensive description of the control of grid converters for photovoltaic and wind power systems. The authors present a range of control methods for meeting the latest application, power quality and power conversion requirements and standards, as well as looking towards potential future control functions. Practical examples, exercises, and an accompanying website with simulation models using Matlab and Simulink environments, and PSIM software make this text a pragmatic resource for electrical engineers as well as students taking related courses"-- | ||
| 563 | _aHardcover | ||
| 650 | 0 |
_aElectric current converters. _983236 |
|
| 650 | 0 |
_aPhotovoltaic power systems _xEquipment and supplies. _983237 |
|
| 650 | 0 |
_aWind energy conversion systems _xEquipment and supplies. _983238 |
|
| 700 | 1 |
_aLiserre, Marco. _983239 |
|
| 700 | 1 |
_aRodriguez, Pedro. _983240 |
|
| 906 |
_a7 _bcbc _corignew _d1 _eecip _f20 _gy-gencatlg |
||
| 942 |
_2ddc _cBK |
||
| 999 |
_c32924 _d32924 |
||